Catálogo

Solid and hazardous waste management : (Registro nro. 51040)

Detalles MARC
000 -LEADER
fixed length control field 01206cam a2200325 i 4500
001 - CONTROL NUMBER
control field 51040
003 - CONTROL NUMBER IDENTIFIER
control field Mx-PuUPA
005 - DATE AND TIME OF LATEST TRANSACTION
control field 20221126113422.0
008 - FIXED-LENGTH DATA ELEMENTS--GENERAL INFORMATION
fixed length control field 140415s2017 enka r 000 0 eng d
020 ## - INTERNATIONAL STANDARD BOOK NUMBER
International Standard Book Number 9780128097342
040 ## - CATALOGING SOURCE
Original cataloging agency MX-PuUPA
Language of cataloging spa
Description conventions rda
Transcribing agency Mx-PuUPA
Modifying agency Mx-PuUPA
041 0# - LANGUAGE CODE
Language code of text/sound track or separate title eng
100 1# - MAIN ENTRY--PERSONAL NAME
9 (RLIN) 10320
Personal name Rao, M. N.
Fuller form of name (Madhavarao Narayana)
Relator term autor
245 10 - TITLE STATEMENT
Title Solid and hazardous waste management :
Remainder of title science and engineering /
Statement of responsibility, etc. M. N. Rao, Razia Sultana, Sri Harsha kota
264 #4 - PRODUCTION, PUBLICATION, DISTRIBUTION, MANUFACTURE, AND COPYRIGHT NOTICE
Place of production, publication, distribution, manufacture United Kingdom :
Name of producer, publisher, distributor, manufacturer BSP Books Pvt,
Date of production, publication, distribution, manufacture, or copyright notice ©2017
300 ## - PHYSICAL DESCRIPTION
Extent xii, 332 páginas :
Other physical details ilustraciones, tablas ;
Dimensions 23 cm
336 ## - CONTENT TYPE
Content type term texto
Fuente rdacontent
Content type code txt
337 ## - MEDIA TYPE
Media type term sin medio
Source rdamedia
Media type code n
338 ## - CARRIER TYPE
Carrier type term volumen
Source rdacarrier
Carrier type code nc
650 #7 - SUBJECT ADDED ENTRY--TOPICAL TERM
Topical term or geographic name entry element Residuos industriales
General subdivision Administración
Source of heading or term armarc
650 #7 - SUBJECT ADDED ENTRY--TOPICAL TERM
Topical term or geographic name entry element Fábricas
General subdivision Medidas de seguridad
Source of heading or term armarc
700 1# - ADDED ENTRY--PERSONAL NAME
Personal name Sultana, Razia,
Relator term autor
700 1# - ADDED ENTRY--PERSONAL NAME
Personal name kota, Sri Harsha,
Relator term autor
942 ## - ADDED ENTRY ELEMENTS (KOHA)
Source of classification or shelving scheme Dewey Decimal Classification
Koha item type Libro
Classification part 628.4
Item part R215
Existencias
Withdrawn status Lost status Source of classification or shelving scheme Damaged status Not for loan Collection code Home library Current library Shelving location Date acquired Source of acquisition Full call number Barcode Date last seen Price effective from Koha item type Cost, normal purchase price Total Checkouts Copy number Cost, replacement price
    Dewey Decimal Classification   Consulta en sala Magisterial Biblioteca Karol Wojtyla Biblioteca Karol Wojtyla Sala general 20/06/2018 Compra 628.4 R215 2017 61865 05/01/2026 20/06/2018 Magisterial        
    Dewey Decimal Classification     General Biblioteca Karol Wojtyla Biblioteca Karol Wojtyla Sala general 20/08/2021 1 628.4 R215 2017 100386 05/01/2026 20/08/2021 Reserva permanente 3090.60   Ej.2 3090.60